000 00265nam a22000857a 4500
008 161021b xxu||||| |||| 00| 0 eng d
100 _9910
_aMacbride.R.L.
245 _aWest From Home: Letters from Laura Fungalls Wilder
260 _aNewyork
_bHarper & Row Publications
_c1974
999 _c3564
_d3564